Plight of the autism spectrum disorder learners on language learning: (Record no. 10264)
[ view plain ]
| 000 -LEADER | |
|---|---|
| fixed length control field | 00673nam a22001697a 4500 |
| 008 - FIXED-LENGTH DATA ELEMENTS--GENERAL INFORMATION | |
| fixed length control field | 180809b ||||| |||| 00| 0 eng d |
| 082 ## - DEWEY DECIMAL CLASSIFICATION NUMBER | |
| Edition number | 2018 |
| Classification number | UT 1008 |
| Item number | E51 |
| 100 ## - MAIN ENTRY--PERSONAL NAME | |
| 9 (RLIN) | 30271 |
| Personal name | Eltagonde, Iryl Mae R. |
| 245 ## - TITLE STATEMENT | |
| Title | Plight of the autism spectrum disorder learners on language learning: |
| Remainder of title | the untold stories of teachers/ |
| Statement of responsibility, etc. | Iryl Mae R. Eltagonde, Lady Diane Puerto and Jocelyn O. Batilo. |
| 260 ## - PUBLICATION, DISTRIBUTION, ETC. (IMPRINT) | |
| Place of publication, distribution, etc. | Digos City: |
| Name of publisher, distributor, etc. | UMDC |
| Date of publication, distribution, etc. | Mach 2018. |
| 300 ## - PHYSICAL DESCRIPTION | |
| Extent | 62 pages; |
| Other physical details | 30 cm. |
| 650 #0 - SUBJECT ADDED ENTRY--TOPICAL TERM | |
| 9 (RLIN) | 30274 |
| Topical term or geographic name as entry element | Education. |
| Form subdivision | English |
| General subdivision | Undegraduate thesis. |
| 700 ## - ADDED ENTRY--PERSONAL NAME | |
| 9 (RLIN) | 30275 |
| Personal name | Eltagonde, Iryl Mae R. |
| 700 ## - ADDED ENTRY--PERSONAL NAME | |
| 9 (RLIN) | 30276 |
| Personal name | Puerto, Lady Diane. |
| 700 ## - ADDED ENTRY--PERSONAL NAME | |
| 9 (RLIN) | 30277 |
| Personal name | Batilo, Jocelyn O. |
| 942 ## - ADDED ENTRY ELEMENTS (KOHA) | |
| Source of classification or shelving scheme | Dewey Decimal Classification |
| Koha item type | Undergraduate Thesis |
| Withdrawn status | Lost status | Source of classification or shelving scheme | Damaged status | Not for loan | Home library | Current library | Date acquired | Total Checkouts | Full call number | Barcode | Date last seen | Price effective from | Koha item type |
|---|---|---|---|---|---|---|---|---|---|---|---|---|---|
| Dewey Decimal Classification | UM Digos College - LIC | UM Digos College - LIC | 08/01/2018 | UT 1008 E51 2018 | 1008 | 05/15/2025 | 08/09/2018 | Undergraduate Thesis |
